Personnages de Naruto par images (Click Quiz) - Statistiques

Statistiques générales
  • Ce quiz a été pris 1 484 fois
    133 depuis la dernière actualisation
  • Le résultat moyen est 29 sur 36
Statistiques - réponses
Hint Réponse % Correct
Tsunade
90%
Gaara
89%
Sasuke Uchiha
88%
Madara Uchiha
87%
Hinata Hyûga
87%
Jiraiya
87%
Obito Uchiha (Tobi)
85%
Naruto Uzumaki
85%
Itachi Uchiha
85%
Kakashi Hatake
84%
Orochimaru
84%
Kiba Inuzuka
84%
Gaï Maito
84%
Konohamaru Sarutobi
82%
Pain (Nagato)
82%
Kabuto Yakushi
82%
Minato Namikaze
81%
Kisame Hoshigaki
81%
Sakura Haruno
81%
Temari
80%
Shino Aburame
80%
Neji Hyûga
79%
Asuma Sarutobi
79%
Chôji Akimichi
78%
Zabuza Momochi
78%
Iruka Umino
77%
Shizune
74%
Rock Lee
73%
Ino Yamanaka
73%
Chôza Akimichi
72%
Nara Shikamaru
72%
Hashirama Senju
70%
Tenten
70%
Hiruzen Sarutobi
67%
Hana Inuzuka
63%
Tobirama Senju
62%
Aucun quiz correspondant
Distribution des résultats
% des personnes avec chaque résultat
Percentile par nombre de réponses
Votre historique - résultats
Vous n’avez pas pris ce quiz depuis la dernière actualisation